| 000 | 00978nac a22002891i 4500 | ||
|---|---|---|---|
| 003 | EG-ScBUE | ||
| 005 | 20240704112039.0 | ||
| 008 | 240704t2006 nyuab f b 001 0 eng d | ||
| 020 | _a0321316401 | ||
| 020 | _a9780321316400 | ||
| 040 |
_aEG-ScBUE _beng _erda _cEG-ScBUE _dEG-ScBUE |
||
| 043 | _an-us--- | ||
| 082 | 0 | 4 |
_a973 _bAME _222 |
| 245 | 0 | 4 |
_aThe American people : _bcreating a nation and a society / _cGary B. Nash, University of California, Los Angeles, general editor [and five others] |
| 250 | _aBrief fifth edition. | ||
| 264 | 1 |
_aNew York : _bPearson/Longman, _c[2006] |
|
| 264 | 4 | _cc2006 | |
| 300 |
_axxxvi, 998 pages : _billustrations, maps ; _c24 cm |
||
| 336 |
_2rdacontent _atext _btxt |
||
| 337 |
_aunmediated _2rdamedia _bn |
||
| 338 |
_avolume _bnc _2rdacarrier |
||
| 504 | _aIncludes bibliographical references and index. | ||
| 651 | 7 |
_aUnited States _xHistory. _2BUEsh |
|
| 655 | _vReading book | ||
| 700 | 1 |
_aNash, Gary B., _eeditor. |
|
| 942 |
_cBB _2ddc |
||
| 999 |
_c1585 _d1585 |
||